00639nam a22001697a 4500003000900000008004100009040007100050082001700121100002900138245003900167260005000206300004400256440002600300505011200326650001400438650001700452AR-CdUCM190531b ||||| |||| 00| 0 spa d aMUNICIPALIDAD PROVINCIAL DEL CUSCOcBIBLIOTECA MUNICIPAL DEL CUSCO a927.8 /bM48 aMuñoz Pérez, Antonio aMeyerbeer :bsu vida y sus obras / aParis :bEdit. Franco ibero americano,c1922. a186 páginas ;bIlustraciones,c18 cm. aLos Grandes músicos aContenido: Juventud de Meyerbeer -- Noticia histórica -- Meyerbeer en Italia - Casamiento de Meyerbeer... aMúsicos aBiografías